000 00785cab a2200241 4500
001 WB2943-07
008 090401t1993 xxu||||| |||| 00| 0 eng d
035 _a(Sirsi) u71920
041 _aeng
245 _aIndustrial buildings environmental scheme
260 _c1993
350 _a0
490 _aArchitects` Journal
_v198(19) 17 November 1993, 8(1)
520 _aA scheme to reduce the environmental impact of industrial buildings, and help to cut the UK`s £1.5bn annual energy bill, has been launched by the BRE.
650 _aBREEAM
650 _aENERGY EFFICIENCY
650 _aENVIRONMENTAL ASSESSMENT
650 _aINDUSTRIAL BUILDINGS
650 _aNEW INDUSTRIAL UNITS
690 _aBUILT ENVIRONMENT-CONSTRUCTION DESIGN
942 _n0
948 _c04/03/1997
999 _c45363
_d45363